| 000 | 01027nam a2200265Ia 4500 | ||
|---|---|---|---|
| 005 | 20211111074907.0 | ||
| 008 | 130821s2005 ck gr spa | ||
| 020 | _a9586704491 | ||
| 040 |
_aCO-BoUCM _bspa _cJose A. Gerena (modificó) _dJose A. Gerena (modificó) |
||
| 041 | 0 | 0 | _aspa |
| 245 | 0 | 0 |
_aPara el corazón que no duda _bBreve antología del haikú Japonés _c[compiladores] Javier Tafur González, Rodrigo Escobar Holguín, |
| 250 | _a2a ed | ||
| 260 |
_aCali (Valle, Colombia) _bUniversidad del Valle _c2005 |
||
| 300 | _a371 páginas | ||
| 490 |
_aColección artes y humanidades _aAntología |
||
| 500 | _aIncluye cronología. | ||
| 650 | 7 |
_aHaiku _xColecciones _977456 |
|
| 650 | 7 |
_aPoesía japonesa _xColecciones _977457 |
|
| 650 | 7 |
_aPoesía _921773 |
|
| 690 | 0 |
_aLiteratura oriental _918717 |
|
| 700 |
_aEscobar Holguín, Rodrigo _ecompilador _977458 |
||
| 700 |
_aTafur González, Javier _ecompilador _9156202 |
||
| 942 |
_cLIBRO _a27 _e2 _2DEWEY _h895.61 _mP221p _n0 |
||
| 999 |
_c54138 _d54138 |
||